000
00282nam a2200109Ia 4500
008
200302s9999 xx 000 0 und d
100
_a
Doreen Ehrlich
245
_a
Frank Lloyd Wright Interior Style & Design
260
_b
Courage Books Publishers
260
_c
2003
300
_a
176 P.,
999
_c
5085
_d
5085